000 00890nam a2200313 a 4500
003 AR-BaBNM
005 20251128210152.0
008 082120s2002 ||||||||||||||000 | spa||
020 _a950-581-043-3
040 _cAR-BaBNM
245 0 0 _aCuentos del interior
_bantología
250 _a1ª ed.
260 _aBuenos Aires
_bEdiciones Colihue
_c1995
300 _a156 p.
490 0 _aLeer y crear
_vv. 43
500 _aContiene referencias bibliográficas en p. 155
650 4 _aLITERATURA ARGENTINA
650 4 _aANTOLOGIAS
650 4 _aLITERATURA CONTEMPORANEA
650 4 _aCOSTUMBRES Y TRADICIONES
650 4 _aIDENTIDAD CULTURAL
650 4 _aCULTURAS LITERARIAS
650 4 _aLITERATURA POPULAR
655 _aLITERATURA
700 1 _aMaggio de Taboada, María Adriana
_ecompilador
800 1 _aPetruzzi, Herminia
_edirector
942 _cBK
998 _cMARTIN
999 _c14355
_d14355